| 000 | 00520nam a2200181Ia 4500 | ||
|---|---|---|---|
| 005 | 20250603145721.0 | ||
| 008 | 250603s9999 xx 000 0 und d | ||
| 020 | _a9781032122441 | ||
| 050 | _aTK 7888.4 .S55/ | ||
| 100 | _aEdited by Mahdi Nikdast, Sudeep Pasricha, Gabriela Nicolescu, Ashkan Seyedi, Di Liang. | ||
| 245 | 0 | _aSilicon photonics for high-performance computing and beyond | |
| 260 | _aBoca Raton | ||
| 260 | _bCRC Press | ||
| 260 | _c2024 | ||
| 300 | _a386 p | ||
| 650 | _aBoca Raton | ||
| 942 | _cBK | ||
| 999 |
_c42646 _d42646 |
||